Countries by random city - Statistics

General Stats
  • This quiz has been taken 22 times
  • The average score is 8 of 15
Answer Stats
Hint Answer % Correct
Agra India
89%
Aberdeen UK
83%
Grozny Russia
78%
Cotonou Benin
67%
Urumqi China
67%
Baranquilla Colombia
61%
Lubumbashi DRC
56%
Skala Greece
50%
Atyrau kazakhstan
44%
Koror Palau
44%
London (Not UK) Kiribati
39%
David Panama
39%
Hadibu Yemen
39%
Olgii Mongolia
33%
Arusha Tanzania
33%
No matching quizzes found
Score Distribution
Percent of People with Each Score
Percentile by Number Answered
Your Score History
You have not taken this quiz